Οικογενειακή, κοινωνική και επαγγελματική επανένταξη ειδικών ομάδων πληθυσμού : η περίπτωση των γυναικών κρατουμένων

Αποθηκεύτηκε σε:
Λεπτομέρειες βιβλιογραφικής εγγραφής
Κύριος συγγραφέας: Μητροσύλη, Μαρία
Άλλοι συγγραφείς: Φρονίμου, Έμμυ
Μορφή: Βιβλίο
Γλώσσα:Greek
Δημοσίευση: Αθήνα : Εθνικό Κέντρο Κοινωνικών Ερευνών, 2008.
Σειρά:Μελέτες - Έρευνες ΕΚΚΕ ; 6
Θέματα:
Ετικέτες: Προσθήκη ετικέτας
Δεν υπάρχουν, Καταχωρήστε ετικέτα πρώτοι!

MARC

LEADER 00000cam a2200000 i 4500
001 1/687
008 090729s2008 gr | ||| |||| ||gre||
020 |a 9789607093981 
035 |l 10105327 
040 |a GR-MyUa  |b gre  |e AACR2 
041 0 |a gre 
082 7 |a 365.43   |2 (22) 
100 1 |a Μητροσύλη, Μαρία. 
245 1 0 |a Οικογενειακή, κοινωνική και επαγγελματική επανένταξη ειδικών ομάδων πληθυσμού :   |b η περίπτωση των γυναικών κρατουμένων /   |c Μαρία Μητροσύλη, Έμμυ Φρονίμου. 
260 |a Αθήνα :   |b Εθνικό Κέντρο Κοινωνικών Ερευνών,   |c 2008. 
300 |a 86 σ. ;   |c 24 εκ. 
490 1 |a (Μελέτες - Έρευνες ΕΚΚΕ ;   |v 6) 
504 |a Περιέχει βιβλιογραφία. 
650 0 0 |a Women prisoners  |z Greece. 
650 0 0 |a Women prisoners  |x Research. 
650 0 0 |a Prisons  |z Greece. 
650 0 0 |a Reformatories for women. 
700 1 |a Φρονίμου, Έμμυ. 
830 0 |a Μελέτες - Έρευνες ΕΚΚΕ ;  |v 6 
852 |a INST  |b LESVOS  |e 20090729  |h 365.43 ΜΗΤ  |p 005100045075  |q 005100045075  |t BK  |y 0 
852 |a INST  |b RHODES  |e 20110502  |h 365.43 ΜΗΤ  |p 005400033072  |q 005400033072  |t BK  |y 0 
901 |a BIBL1-2009-2 
901 |a BIBL4-2011-2 
970 |a ΤΖΑΦΕΡΗ  |b ΕΥΑΓΓΕΛΙΑ  |z 2009/07/29